| 000 | 02298nam a2200229 a 4500 | ||
|---|---|---|---|
| 001 | 000025823 | ||
| 005 | 20200930024057.0 | ||
| 008 | 800131s1968 sp 000 f spa d | ||
| 040 |
_aDO-SdBNP _bspa _cBNPHU |
||
| 082 |
_a808.831 _bA634m,1968 |
||
| 245 | 0 | 0 |
_aAntología de las mejores novelas policíacas / _cselección de Antonino González Morales y José A. Llorens. |
| 260 |
_aBarcelona : _bAcervo, _c1968. |
||
| 300 |
_av. ; _c21 cm. |
||
| 500 | _aLa biblioteca posee los volumenes 10, 11, 12 | ||
| 505 | 0 |
_gv.10 _aUna ilusión en rojo y blanco / _rStephens Crane _tLa mujer leopardo / _rDorothy L. Sayers _tSi esto es locura / _rLawrence Block _tSospechoso número uno / _rRichard Deming _tJusticia rústica / _rJohn Faulkner _tProfesión : asesino a sueldo / _rJosé Ma. Aroca _tEl joyero chino / _rJosé Ma. Aroca _tTrampa mortal / _rFredric Brown _tEl cumpleños de Granny / _rFredric Brown _tNadie al teléfono / _rRobert Arthur _tAsesinato en el muelle / _rBudd Schulberg _tLa muerte por unas manos invisibles / _rJohn Dickson Carr _tCulpable inocente / _rAmadeo Ferrés Marsal _tEl hombre en la mesa / _rC. B. Gilford _tUna historia de fantasmas / _rHenry Kane _tLa llamada / _rPaul Sartoris _tLucha leal / _rCornell Woolrich |
|
| 505 | 0 |
_gv. 12 _tEl perro y el caballo / _rVoltaire _tD'artagna detective: el duelo / _rAlejandro Dumas _tEl hombre del alfanje / _rAlejandro Dumas _tEl notario de Perigueux / _rHenry W. Longfellow _tLa carta robada / _rEdgar Allan Poe _tEl toque de clarín / _rO'Henry _tJimmy Valentine / _rO'Henry _tEl robo del elefante blanco / _rMark Twain _tEl maestro del misterio / _rJack London _tBoomerang / _rAndré-Paul Duchateau _tLa esposa del jugador de póquer / _rCornell Woolrich _tDoble enigma / _rInglis Carter _tHumo en el corazón / _rAntonino González Morales _tBonifacio el tímido / _rLuis Arrizabalaga _tEl último testigo / _rLuis Arrizabalaga _tEl amigo Charbonier / _rFrancisco Cortés Rubio _tUn muerto en la carretera / _rJoaquín Ruiz Catarineu _tEra una presencia muerta / _rNoel Clarasó _tVíctima seis / _rPedro Sangro Gsell _tRapto de la niña Gálvez / _rLeón -Ignacio |
|
| 650 | 4 |
_aNovela policíaca _xColecciones _950055 |
|
| 650 | 4 |
_aLiteratura _xColecciones _940253 |
|
| 700 | 1 | 2 |
_aLlorens, José A. _94194 |
| 700 | 1 | 2 |
_aGonzález Morales, Antonio _952651 |
| 910 | _aValidado. Control de calidad MFF | ||
| 999 |
_c25315 _d25315 |
||